| 000 | 00381nam a22001457a 4500 | ||
|---|---|---|---|
| 003 | SGT | ||
| 082 |
_a370 _bG15K |
||
| 100 | _aKENDRIYA HOMEOPATHY ANUSANDHAN PARISHAD | ||
| 245 | _aGATIVIDHIYON EVAM UPLABDHIYON KI EK LAGHU PUSTIKA | ||
| 250 | _a1ST | ||
| 260 |
_aNEW DELHI _bKENDRIYA HOMEOPATHY ANUSANDHAN PARISHAD _c2015 |
||
| 300 | _a46 | ||
| 650 | _aEDUCATION | ||
| 942 |
_2ddc _cBK |
||
| 999 |
_c11870 _d11870 |
||